书目信息 |
| 题名: |
跨越山海
|
|
| 作者: | 玛德琳 著 ;党蓓蓓 , 郭连友 译 | |
| 分册: | ||
| 出版信息: | 北京 清华大学出版社 2024.09 |
|
| 页数: | 10,181页 | |
| 开本: | 19cm | |
| 丛书名: | ||
| 单 册: | ||
| 中图分类: | K833.135.4=6 | |
| 科图分类: | ||
| 主题词: | 文化--名人--自传--日本--现代 , 文化交流--世界--文集 | |
| 电子资源: | ||
| ISBN: | 978-7-302-67168-8 | |
| 000 | 01028nam0 2200277 450 | |
| 001 | 012767525 | |
| 005 | 20251022203733.80 | |
| 010 | @a978-7-302-67168-8@dCNY49.00 | |
| 100 | @a20241009d2024 em y0chiy0120 ea | |
| 101 | 1 | @achi@cjpn |
| 102 | @aCN@b110000 | |
| 105 | @aa z 000ya | |
| 106 | @ar | |
| 200 | 1 | @a跨越山海@9kua yue shan hai@e从世界一隅走来的文化使者@f(日)梅若·玛德琳著@g党蓓蓓,郭连友译 |
| 210 | @a北京@c清华大学出版社@d2024.09 | |
| 215 | @a10,181页@c图@d19cm | |
| 330 | @a本书以女性的细腻视角,记录了玛德琳从世界一隅到成为文化使者的转变历程,展现了她在跨文化交流中的勇敢与坚持,以及在面对生活挑战时的坚韧与智慧。 | |
| 606 | 0 | @a文化@x名人@x自传@y日本@z现代 |
| 606 | 0 | @a文化交流@y世界@j文集 |
| 610 | 0 | @a玛德琳(Madeleine, Umewake 1958- ) |
| 690 | @aK833.135.4=6@v5 | |
| 701 | 0 | @c(日)@a玛德琳@9ma de lin@c(Madeleine, Umewake@f1958-)@4著 |
| 702 | 0 | @a党蓓蓓@9dang bei bei@4译 |
| 702 | 0 | @a郭连友@9guo lian you@4译 |
| 801 | 0 | @aCN@c20250909 |
| 905 | @a河南城建学院图书馆@dK833.135@eM252@ZM252@f1 | |
| 跨越山海:从世界一隅走来的文化使者/(日)梅若·玛德琳著/党蓓蓓,郭连友译.-北京:清华大学出版社,2024.09 |
| 10,181页:图;19cm |
| ISBN 978-7-302-67168-8:CNY49.00 |
| 本书以女性的细腻视角,记录了玛德琳从世界一隅到成为文化使者的转变历程,展现了她在跨文化交流中的勇敢与坚持,以及在面对生活挑战时的坚韧与智慧。 |
| ● |
| 相关链接 |
|
|
|
正题名:跨越山海
索取号:K833.135/M252
 
预约/预借
| 序号 | 登录号 | 条形码 | 馆藏地/架位号 | 状态 | 备注 |
| 1 | 1632166 | 216321665 | 社科库309/309社科库 60排6列3层/ [索取号:K833.135/M252] | 在馆 |